| 000 | 00555nam a22001697a 4500 | ||
|---|---|---|---|
| 003 | NUST | ||
| 038 | _aNusrat Nadeem | ||
| 082 | _a200 | ||
| 100 |
_aRukhsar _9120360 |
||
| 245 |
_aAirborne computing framework to assist delay-sensitive applications in vehicular environment/ _cRukhsar |
||
| 264 |
_alsamabad, _bSEECS NUST, _c2023. |
||
| 300 |
_aill: _b52,p: _c30,cm. |
||
| 650 |
_aMS- Information Technology _926924 |
||
| 700 |
_aSupervisor: Dr.Farzana Jabeen _9120299 |
||
| 856 | _uhttp://10.250.8.41:8080/xmlui/handle/123456789/41298 | ||
| 942 |
_2ddc _cSC |
||
| 999 |
_c607698 _d607698 |
||